000 00603nam a2200121Ia 4500
008 220615s9999||||xx |||||||||||||| ||und||
100 _aRüegg, Madeline
245 4 _aThe Patient Griselda Myth
_bLooking at Late Medieval and Early Modern European Literature
546 _aEnglish[eng]
650 _alate Medieval||Early Modern Europe||literature
856 _uhttps://library.oapen.org/bitstream/20.500.12657/25049/1/9783110628821.epub||https://library.oapen.org/bitstream/20.500.12657/25049/1/9783110628821.epub||https://library.oapen.org/bitstream/20.500.12657/25049/1/9783110628821.epub
942 _cEB
999 _c8801
_d8801